<?xml version="1.0" encoding="UTF-8"?><?xml-stylesheet type="text/xsl" href="static/style.xsl"?><OAI-PMH xmlns="http://www.openarchives.org/OAI/2.0/" xmlns:xsi="http://www.w3.org/2001/XMLSchema-instance" xsi:schemaLocation="http://www.openarchives.org/OAI/2.0/ http://www.openarchives.org/OAI/2.0/OAI-PMH.xsd"><responseDate>2026-04-28T01:56:15Z</responseDate><request verb="GetRecord" identifier="oai:riubu.ubu.es:10259/7374" metadataPrefix="marc">https://riubu.ubu.es/oai/request</request><GetRecord><record><header><identifier>oai:riubu.ubu.es:10259/7374</identifier><datestamp>2023-03-22T11:52:44Z</datestamp><setSpec>com_10259_4201</setSpec><setSpec>com_10259_5086</setSpec><setSpec>com_10259_2604</setSpec><setSpec>col_10259_4505</setSpec></header><metadata><record xmlns="http://www.loc.gov/MARC21/slim" xmlns:doc="http://www.lyncode.com/xoai" xmlns:xsi="http://www.w3.org/2001/XMLSchema-instance" xmlns:dcterms="http://purl.org/dc/terms/" xsi:schemaLocation="http://www.loc.gov/MARC21/slim http://www.loc.gov/standards/marcxml/schema/MARC21slim.xsd">
<leader>00925njm 22002777a 4500</leader>
<datafield tag="042" ind1=" " ind2=" ">
<subfield code="a">dc</subfield>
</datafield>
<datafield tag="720" ind1=" " ind2=" ">
<subfield code="a">Álvarez, G.</subfield>
<subfield code="e">author</subfield>
</datafield>
<datafield tag="720" ind1=" " ind2=" ">
<subfield code="a">Zafra, A.</subfield>
<subfield code="e">author</subfield>
</datafield>
<datafield tag="720" ind1=" " ind2=" ">
<subfield code="a">Rodríguez, C.</subfield>
<subfield code="e">author</subfield>
</datafield>
<datafield tag="720" ind1=" " ind2=" ">
<subfield code="a">Belzunce, J.</subfield>
<subfield code="e">author</subfield>
</datafield>
<datafield tag="720" ind1=" " ind2=" ">
<subfield code="a">Cuesta Segura, Isidoro Iván</subfield>
<subfield code="e">author</subfield>
</datafield>
<datafield tag="260" ind1=" " ind2=" ">
<subfield code="c">2020-12</subfield>
</datafield>
<datafield tag="520" ind1=" " ind2=" ">
<subfield code="a">In this paper Small Punch Tests (SPT) are used to determine the mechanical properties of the heat affected zone (HAZ) of CrMoV welded joints and to evaluate the embrittlement caused by the presence of internal hydrogen. Hydrogen permeation tests were carried out to determine the effective diffusion coefficients of the different regions of welded joints, whose hydrogen contents were measured using a hydrogen analyser.&#xd;
&#xd;
The paper demonstrates that SPTs can be used to estimate the tensile properties and the toughness of small areas, such as the subzones of a welded joint which are not thick enough for machining standard specimens. In cases where it is not possible to determine the fracture toughness of brittle regions using standard SPT samples, tests using longitudinally notched SPT samples were conducted. The normalized energy at failure, &#xd;
, was selected as the most appropriate SPT parameter to estimate the fracture toughness regardless of the fracture behaviour of the material (ductile or brittle). It was seen that the fracture toughness of the fine grained HAZ (FG-HAZ) is similar to that of the Base Metal (BM), while the fracture toughness of the coarse grained HAZ (CG-HAZ) is more similar to that of the Weld Metal (WM). The effect of hydrogen on BM and FG-HAZ is low, with embrittlement indexes of about 20%. However, a strong effect of hydrogen was observed in CG-HAZs and WMs, with embrittlement indexes of 60–80%. and a clear change from ductile to brittle behaviour in their fracture surfaces.</subfield>
</datafield>
<datafield tag="024" ind2=" " ind1="8">
<subfield code="a">0167-8442</subfield>
</datafield>
<datafield tag="024" ind2=" " ind1="8">
<subfield code="a">http://hdl.handle.net/10259/7374</subfield>
</datafield>
<datafield tag="024" ind2=" " ind1="8">
<subfield code="a">10.1016/j.tafmec.2020.102813</subfield>
</datafield>
<datafield ind1=" " ind2=" " tag="653">
<subfield code="a">Hydrogen embrittlement</subfield>
</datafield>
<datafield ind1=" " ind2=" " tag="653">
<subfield code="a">Fracture</subfield>
</datafield>
<datafield ind1=" " ind2=" " tag="653">
<subfield code="a">Small punch test</subfield>
</datafield>
<datafield ind1=" " ind2=" " tag="653">
<subfield code="a">Weld</subfield>
</datafield>
<datafield tag="245" ind1="0" ind2="0">
<subfield code="a">SPT analysis of hydrogen embrittlement in CrMoV welds</subfield>
</datafield>
</record></metadata></record></GetRecord></OAI-PMH>